000 00333nam a2200109 4500
999 _c13620
_d13620
008 190329b ||||| |||| 00| 0 eng d
245 _aIntegrated effort needed for Manila Bay cleanup- cimatu.
260 _aPhilippines
_bThe Philippine Star
_cc2019
300 _apage 3.
650 0 _937953
_aEnvironmental movement.
942 _2ddc
_cPER